[Event "Europa ch s-16"]
[Site "Herceg Novi MNE"]
[Date "2008.09.21"]
[Round "6.22"]
[White "Martin Fuentes, Alberto"]
[Black "Kociscak, Jiri"]
[Result "0-1"]
[WhiteElo "2124"]
[BlackElo "2324"]
[PlyCount "120"]
[EventDate "2008.09.15"]
[EventType "swiss"]
[EventRounds "9"]
[Source "lmi"]
[SourceDate "2008.09.15"]

1. e4 e5 2. Nf3 Nc6 3. d4 exd4 4. Bc4 Nf6 5. O-O Nxe4 6. Re1 d5 7. Bxd5 Qxd5 8.
Nc3 Qa5 9. Nxe4 Be6 10. Neg5 O-O-O 11. Nxe6 fxe6 12. Rxe6 Bd6 13. Qe2 Qh5 14.
h3 Rde8 15. Bd2 Ne5 16. Nxd4 Qxe2 17. Rxe8+ Rxe8 18. Nxe2 Nc4 19. Be3 Nxb2 20.
Nd4 Nc4 21. Re1 Bc5 22. c3 Bxd4 23. cxd4 Nb6 24. g4 Nd5 25. Kg2 c6 26. Kf3 Kd7
27. h4 b5 28. h5 a5 29. g5 b4 30. Rb1 Rb8 31. Bd2 Rf8+ 32. Kg3 Nc7 33. Bf4 Ne6
34. Be3 Rf5 35. f4 Rd5 36. Rd1 a4 37. Rb1 Nxd4 38. Rxb4 Nf5+ 39. Kf2 Rd3 40.
Rxa4 Nxe3 41. Ke2 Rc3 42. Ra7+ Ke6 43. Rxg7 Nd5 44. Rxh7 Nxf4+ 45. Kd2 Rc5 46.
Rh6+ Kf5 47. Rd6 Nxh5 48. a4 Kxg5 49. a5 Nf6 50. Ke3 Ne8 51. Kd4 Rc1 52. Re6
Nc7 53. Re7 Nb5+ 54. Kd3 Rc3+ 55. Ke4 Kf6 56. Rh7 Ke6 57. a6 Rc4+ 58. Kd3 Ra4
59. Rh6+ Kd5 60. Rh5+ Kd6 0-1

[Event "Europa ch s-16"]
[Site "Herceg Novi MNE"]
[Date "2008.09.21"]
[Round "6.24"]
[White "Silva, Miguel Alexandre Go"]
[Black "Galopoulos, Nikolaos"]
[Result "1/2-1/2"]
[WhiteElo "2074"]
[BlackElo "2270"]
[PlyCount "69"]
[EventDate "2008.09.15"]
[EventType "swiss"]
[EventRounds "9"]
[Source "lmi"]
[SourceDate "2008.09.15"]

1. e4 c5 2. Nf3 e6 3. d3 Nc6 4. g3 g6 5. Bg2 Bg7 6. O-O Nge7 7. c3 O-O 8. Nbd2
b6 9. Re1 Ba6 10. Nc4 d5 11. exd5 Nxd5 12. Nfe5 Nxe5 13. Nxe5 Qc7 14. Ng4 h5
15. c4 Ne7 16. Bf4 Qc8 17. Bg5 f6 18. Bxa8 Qxa8 19. Rxe6 hxg4 20. Rxe7 fxg5 21.
Qxg4 Qc6 22. Rae1 Bd4 23. R1e2 Bb7 24. R7e4 Qf6 25. Qe6+ Qxe6 26. Rxe6 Bf3 27.
Re1 Bg4 28. Rxg6+ Kh7 29. Rxg5 Bxf2+ 30. Kg2 Bxe1 31. Rxg4 Rf2+ 32. Kh3 Rxb2
33. Rh4+ Kg6 34. Rg4+ Kh6 35. Rh4+ 1/2-1/2

[Event "Europa ch s-16"]
[Site "Herceg Novi MNE"]
[Date "2008.09.21"]
[Round "6.26"]
[White "Herrera Delgado, Alejandro"]
[Black "Meurs, Tom"]
[Result "1-0"]
[WhiteElo "2204"]
[BlackElo "2084"]
[PlyCount "77"]
[EventDate "2008.09.15"]
[EventType "swiss"]
[EventRounds "9"]
[Source "lmi"]
[SourceDate "2008.09.15"]

1. e4 e5 2. Nf3 Nc6 3. Bb5 a6 4. Ba4 Nf6 5. O-O Nxe4 6. d4 b5 7. Bb3 d5 8. dxe5
Be6 9. Nbd2 Be7 10. c3 O-O 11. Re1 Nc5 12. Nd4 Nxd4 13. cxd4 Nd3 14. Re3 Nxc1
15. Rxc1 Rc8 16. Rc6 Bd7 17. Rxa6 c5 18. Nf3 Bg4 19. h3 cxd4 20. Qxd4 Be6 21.
Rc3 b4 22. Rcc6 Bd7 23. Rxc8 Qxc8 24. Ra5 Be6 25. Bxd5 Rd8 26. Kh2 Qc1 27. Ra8
Rxa8 28. Bxa8 g6 29. h4 h6 30. h5 g5 31. Nd2 Qc8 32. Be4 Bc5 33. Qd3 Bxf2 34.
Qf3 Bb6 35. Qf6 Qc1 36. Nf3 g4 37. Nd4 g3+ 38. Kxg3 Qe1+ 39. Kh2 1-0

[Event "Europa ch s-16"]
[Site "Herceg Novi MNE"]
[Date "2008.09.21"]
[Round "6.28"]
[White "Manelyuk, Nikita"]
[Black "Matveev, Vladimir"]
[Result "1-0"]
[WhiteElo "2071"]
[BlackElo "2187"]
[PlyCount "99"]
[EventDate "2008.09.15"]
[EventType "swiss"]
[EventRounds "9"]
[Source "lmi"]
[SourceDate "2008.09.15"]

1. e4 d6 2. d4 Nf6 3. Nc3 g6 4. Nf3 Bg7 5. h3 O-O 6. Be3 c6 7. a4 Nbd7 8. a5 e5
9. dxe5 dxe5 10. Qd6 Re8 11. Bc4 Bf8 12. Qd2 Bb4 13. Ng5 Rf8 14. O-O h6 15.
Nxf7 Rxf7 16. Bxh6 Bxc3 17. bxc3 Qe7 18. Qg5 Nf8 19. Bxf7+ Kxf7 20. Bxf8 Qxf8
21. Qxe5 Qe7 22. f4 Bd7 23. Rad1 Re8 24. Qxe7+ Rxe7 25. Rfe1 Ke8 26. Rd3 Nd5
27. Rf3 Bf5 28. c4 Nb4 29. exf5 Rxe1+ 30. Kf2 Re4 31. c3 gxf5 32. cxb4 Rxc4 33.
g4 Rxb4 34. g5 Kf7 35. h4 Kg6 36. Kg3 Kh5 37. Re3 Ra4 38. Re7 Ra3+ 39. Kf2 Ra2+
40. Ke3 Kxh4 41. g6 Kh5 42. g7 Rg2 43. Rxb7 a6 44. Kd4 Rg6 45. Ke5 Kg4 46. Ra7
c5 47. Rf7 c4 48. Rd7 c3 49. Rc7 Kh5 50. Kxf5 1-0

[Event "Europa ch s-16"]
[Site "Herceg Novi MNE"]
[Date "2008.09.21"]
[Round "6.31"]
[White "Subirats Ruiz, Sergi"]
[Black "Halvax, Georg"]
[Result "0-1"]
[WhiteElo "2054"]
[BlackElo "2162"]
[PlyCount "48"]
[EventDate "2008.09.15"]
[EventType "swiss"]
[EventRounds "9"]
[Source "lmi"]
[SourceDate "2008.09.15"]

1. e4 c5 2. Nf3 Nc6 3. d4 cxd4 4. Nxd4 e5 5. Nb3 Nf6 6. Bg5 h6 7. Bxf6 Qxf6 8.
Bc4 Bb4+ 9. c3 Be7 10. O-O h5 11. Qd2 O-O 12. a4 Qg6 13. Qe2 Nd8 14. f4 exf4
15. Rxf4 Bg5 16. Rf1 Re8 17. N1d2 Ne6 18. Nd4 Nf4 19. Qd1 d5 20. Bb5 Bg4 21.
Qc2 Rec8 22. N2f3 a6 23. Ne5 Qb6 24. a5 Qxd4+ 0-1

[Event "Europa ch s-16"]
[Site "Herceg Novi MNE"]
[Date "2008.09.21"]
[Round "6.32"]
[White "Kuchynka, Lukas"]
[Black "Manasyan, Haik"]
[Result "1/2-1/2"]
[WhiteElo "2150"]
[BlackElo "2048"]
[PlyCount "46"]
[EventDate "2008.09.15"]
[EventType "swiss"]
[EventRounds "9"]
[Source "lmi"]
[SourceDate "2008.09.15"]

1. e4 e6 2. d4 d5 3. Nc3 Bb4 4. e5 c5 5. a3 Ba5 6. b4 cxb4 7. Nb5 Nc6 8. Bd3 a6
9. Nd6+ Kf8 10. Qf3 f6 11. Ne2 b3+ 12. Kf1 bxc2 13. Nf4 Ke7 14. Qg4 g5 15. Qh5
fxe5 16. Nf7 Qe8 17. Qxg5+ Kxf7 18. Ng6 Nge7 19. Nxh8+ Qxh8 20. Qh5+ Kg7 21.
Bh6+ Kf6 22. Bg5+ Kg7 23. Bh6+ Kf6 1/2-1/2

[Event "Europa ch s-16"]
[Site "Herceg Novi MNE"]
[Date "2008.09.21"]
[Round "6.33"]
[White "Hansen, Mads"]
[Black "Nijs, Nils"]
[Result "0-1"]
[WhiteElo "2041"]
[BlackElo "2150"]
[PlyCount "52"]
[EventDate "2008.09.15"]
[EventType "swiss"]
[EventRounds "9"]
[Source "lmi"]
[SourceDate "2008.09.15"]

1. e4 c5 2. Nf3 d6 3. d4 cxd4 4. Nxd4 Nf6 5. Nc3 g6 6. Be3 Bg7 7. Be2 O-O 8.
Qd2 Nc6 9. O-O-O Nxd4 10. Bxd4 Be6 11. Kb1 Qc7 12. Nd5 Bxd5 13. exd5 Rac8 14.
Bf3 Qc4 15. Rhe1 Rc7 16. b3 Qb5 17. c4 Qd7 18. Bxa7 b5 19. Bb6 bxc4 20. Bxc7
cxb3 21. Qa5 Qf5+ 22. Kb2 Qc2+ 23. Ka3 Nd7 24. Rd2 Bb2+ 25. Kb4 Bc3+ 26. Kb5
Qxd2 0-1

[Event "Europa ch s-16"]
[Site "Herceg Novi MNE"]
[Date "2008.09.21"]
[Round "6.35"]
[White "Kowalczyk, Pawel"]
[Black "Konstantinidis, Lazaros"]
[Result "1-0"]
[WhiteElo "2138"]
[BlackElo "1921"]
[PlyCount "45"]
[EventDate "2008.09.15"]
[EventType "swiss"]
[EventRounds "9"]
[Source "lmi"]
[SourceDate "2008.09.15"]

1. d4 d5 2. e3 Nf6 3. Bd3 Bg4 4. f3 Bh5 5. Ne2 Bg6 6. Nf4 Nbd7 7. Nxg6 hxg6 8.
c3 e5 9. Nd2 Bd6 10. Nf1 e4 11. Be2 exf3 12. gxf3 Nh5 13. Qb3 Nb6 14. Qc2 Qh4+
15. Kd1 O-O-O 16. Bd3 Qh3 17. Qf2 Ng3 18. Nxg3 Bxg3 19. Qe2 Bxh2 20. Kc2 Nc4
21. Bxc4 dxc4 22. e4 Rh4 23. Bg5 1-0

[Event "Europa ch s-16"]
[Site "Herceg Novi MNE"]
[Date "2008.09.21"]
[Round "6.36"]
[White "Sitnic, Adnan"]
[Black "Schreiner, Peter"]
[Result "0-1"]
[WhiteElo "1920"]
[BlackElo "2137"]
[PlyCount "56"]
[EventDate "2008.09.15"]
[EventType "swiss"]
[EventRounds "9"]
[Source "lmi"]
[SourceDate "2008.09.15"]

1. Nf3 Nf6 2. b4 e6 3. c3 b6 4. g3 Bb7 5. Bg2 Be7 6. Qb3 O-O 7. O-O d5 8. Ba3
Nbd7 9. d4 Rb8 10. b5 c5 11. bxc6 Bxc6 12. Bxe7 Qxe7 13. c4 dxc4 14. Qxc4 Rfc8
15. Qa6 Nd5 16. Nbd2 Nc3 17. a4 b5 18. axb5 Bxb5 19. Qxa7 Nxe2+ 20. Kh1 Bc6 21.
Ne5 Bb5 22. Rfb1 Qd6 23. Bb7 Nxe5 24. Ne4 Bc6 25. dxe5 Qd3 26. Qe3 Qxe3 27.
fxe3 Rxb7 28. Rxb7 Bxe4# 0-1

[Event "Europa ch s-16"]
[Site "Herceg Novi MNE"]
[Date "2008.09.21"]
[Round "6.46"]
[White "Balokas, Dimitrios"]
[Black "Jefic, Srdjan"]
[Result "1-0"]
[WhiteElo "1779"]
[BlackElo "2095"]
[PlyCount "47"]
[EventDate "2008.09.15"]
[EventType "swiss"]
[EventRounds "9"]
[Source "lmi"]
[SourceDate "2008.09.15"]

1. d4 f5 2. g4 fxg4 3. Bf4 Nf6 4. h3 d5 5. Nc3 Bf5 6. hxg4 Nxg4 7. Bh3 Qd7 8.
f3 Nf6 9. Qd2 Bxh3 10. Nxh3 e6 11. O-O-O Bd6 12. Be5 Bxe5 13. dxe5 Nh5 14. Ng5
g6 15. e4 h6 16. exd5 hxg5 17. Qxg5 Qg7 18. dxe6 Nc6 19. Rd7 Qh6 20. Qxh6 Rxh6
21. Nd5 Nxe5 22. Nxc7+ Kf8 23. e7+ Kg8 24. Rd8+ 1-0

[Event "Europa ch s-16"]
[Site "Herceg Novi MNE"]
[Date "2008.09.21"]
[Round "6.49"]
[White "Larmuseau, Michiel"]
[Black "Arat, Umut Baris"]
[Result "1-0"]
[WhiteElo "1979"]
[BlackElo "1860"]
[PlyCount "43"]
[EventDate "2008.09.15"]
[EventType "swiss"]
[EventRounds "9"]
[Source "lmi"]
[SourceDate "2008.09.15"]

1. e4 c5 2. Nc3 Nc6 3. f4 g6 4. Nf3 Bg7 5. Bb5 Nd4 6. Nxd4 cxd4 7. Ne2 a6 8.
Bd3 e6 9. O-O Ne7 10. b3 Nc6 11. a3 b5 12. Bb2 O-O 13. Qe1 Bb7 14. Qf2 d5 15.
e5 f6 16. Nxd4 Nxe5 17. Nxe6 Nxd3 18. cxd3 Qd7 19. Nxf8 Rxf8 20. Rac1 Rd8 21.
Qb6 Ba8 22. Rc7 1-0

[Event "Europa ch s-16"]
[Site "Herceg Novi MNE"]
[Date "2008.09.22"]
[Round "7.1"]
[White "Prohaszka, Peter"]
[Black "Nyzhnyk, Illya"]
[Result "0-1"]
[WhiteElo "2509"]
[BlackElo "2428"]
[PlyCount "142"]
[EventDate "2008.09.15"]
[EventType "swiss"]
[EventRounds "9"]
[Source "lmi"]
[SourceDate "2008.09.15"]

1. d4 d5 2. Nf3 Nf6 3. c4 dxc4 4. g3 e6 5. Bg2 Be7 6. O-O O-O 7. Qc2 Nbd7 8.
Qxc4 a6 9. a4 Rb8 10. Nc3 Nb6 11. Qb3 Nbd5 12. Ne5 Nb4 13. Rd1 Nd7 14. Bf4 Nxe5
15. Bxe5 f6 16. Bf4 g5 17. Be3 c6 18. Ne4 Nd5 19. Bd2 Kg7 20. Nc5 b6 21. e4 Nc7
22. Bc3 Bd7 23. Nxd7 Qxd7 24. Bb4 Bxb4 25. Qxb4 Rfd8 26. Bf3 a5 27. Qc4 b5 28.
Qc3 bxa4 29. Rxa4 c5 30. Qc4 cxd4 31. Rxd4 Qxd4 32. Qxd4 Rxd4 33. Rxd4 Na6 34.
Rd7+ Kg6 35. Ra7 Rb6 36. h4 gxh4 37. gxh4 Nc5 38. e5 f5 39. Rxa5 Nb3 40. Ra4
Nc5 41. Ra5 Nb3 42. Ra4 Nc5 43. Rd4 Rxb2 44. Rd6 Rb1+ 45. Bd1 Ne4 46. Rd3 Rb2
47. Bb3 Nc5 48. Rg3+ Kh5 49. Bc4 Kxh4 50. Rg7 Rc2 51. Rxh7+ Kg5 52. Bb5 Rb2 53.
Bc4 Rb4 54. Bf1 Re4 55. Rg7+ Kf4 56. Rc7 Rxe5 57. Bc4 Ne4 58. Rc6 Ng5 59. Kg2
Re1 60. Ba6 e5 61. Rh6 Kg4 62. Bc8 Re2 63. Rf6 Rxf2+ 64. Kxf2 Ne4+ 65. Ke3 Nxf6
66. Bb7 Kg3 67. Bc6 f4+ 68. Ke2 e4 69. Bb7 f3+ 70. Ke3 f2 71. Ba6 Kg2 0-1

[Event "Europa ch s-16"]
[Site "Herceg Novi MNE"]
[Date "2008.09.22"]
[Round "7.2"]
[White "Yilmaz, Mustafa"]
[Black "Ter-Sahakyan, Samvel"]
[Result "1/2-1/2"]
[WhiteElo "2362"]
[BlackElo "2480"]
[PlyCount "46"]
[EventDate "2008.09.15"]
[EventType "swiss"]
[EventRounds "9"]
[Source "lmi"]
[SourceDate "2008.09.15"]

1. e4 c5 2. Nf3 d6 3. d4 cxd4 4. Nxd4 Nf6 5. Nc3 e6 6. g4 a6 7. g5 Nfd7 8. Be3
b5 9. a3 Bb7 10. h4 Nc6 11. h5 Rc8 12. Rh3 Nde5 13. f4 Nxd4 14. Bxd4 Nc6 15.
Bf2 Be7 16. g6 O-O 17. Qg4 b4 18. axb4 Nxb4 19. Bd3 Nxd3+ 20. Rxd3 f5 21. exf5
exf5 22. gxh7+ Kh8 23. Qg1 Bf6 1/2-1/2

[Event "Europa ch s-16"]
[Site "Herceg Novi MNE"]
[Date "2008.09.22"]
[Round "7.3"]
[White "Grandelius, Nils"]
[Black "Sivuk, Vitaly"]
[Result "1/2-1/2"]
[WhiteElo "2366"]
[BlackElo "2324"]
[PlyCount "96"]
[EventDate "2008.09.15"]
[EventType "swiss"]
[EventRounds "9"]
[Source "lmi"]
[SourceDate "2008.09.15"]

1. e4 c5 2. Nf3 d6 3. d4 cxd4 4. Nxd4 Nf6 5. Nc3 g6 6. Be3 Bg7 7. f3 O-O 8. Qd2
Nc6 9. Bc4 Bd7 10. O-O-O Rb8 11. Bb3 Na5 12. Bh6 Bxh6 13. Qxh6 b5 14. h4 b4 15.
Nd5 Nxb3+ 16. cxb3 e5 17. Nxf6+ Qxf6 18. Ne2 Bb5 19. Qe3 a5 20. h5 a4 21. hxg6
fxg6 22. bxa4 Rbc8+ 23. Kb1 Bxa4 24. Rc1 Bb5 25. Rxc8 Rxc8 26. Rc1 Qe6 27. b3
Rxc1+ 28. Nxc1 Qc8 29. Qb6 Qc5 30. Qxc5 dxc5 31. Kc2 Bf1 32. Nd3 Bxg2 33. Nxe5
Kg7 34. Kd3 Kf6 35. Nd7+ Ke7 36. Nxc5 Bxf3 37. Ke3 Bd1 38. Nd3 g5 39. Nxb4 h5
40. Nd5+ Kd6 41. Nc3 Bg4 42. a4 Kc5 43. Nd5 h4 44. b4+ Kc4 45. a5 h3 46. Kf2 h2
47. Kg2 Bf3+ 48. Kxh2 Bxe4 1/2-1/2

[Event "Europa ch s-16"]
[Site "Herceg Novi MNE"]
[Date "2008.09.22"]
[Round "7.4"]
[White "Rombaldoni, Axel"]
[Black "Mazur, Stefan"]
[Result "1/2-1/2"]
[WhiteElo "2374"]
[BlackElo "2237"]
[PlyCount "123"]
[EventDate "2008.09.15"]
[EventType "swiss"]
[EventRounds "9"]
[Source "lmi"]
[SourceDate "2008.09.15"]

1. e4 c5 2. Nf3 e6 3. d4 cxd4 4. Nxd4 a6 5. Bd3 Bc5 6. Nb3 Ba7 7. Qe2 Nc6 8.
Be3 d6 9. f4 b5 10. a4 b4 11. N1d2 Nge7 12. O-O Ng6 13. g3 Qe7 14. Nc4 Rb8 15.
a5 Bxe3+ 16. Qxe3 O-O 17. Nd4 Nxd4 18. Qxd4 Rd8 19. f5 e5 20. Qe3 Nf8 21. Nb6
Bb7 22. Bc4 Qc7 23. f6 Qc5 24. Qxc5 dxc5 25. fxg7 Ne6 26. Bd5 Bxd5 27. Nxd5
Kxg7 28. Rf5 Nd4 29. Rg5+ Kh6 30. Rg4 f5 31. Rh4+ Kg5 32. Kg2 fxe4 33. Ne3 Nf3
34. Rg4+ Kh5 35. Rxe4 Rd2+ 36. Kxf3 Rf8+ 37. Nf5 Rxf5+ 38. Ke3 Rff2 39. Rxe5+
Kg4 40. Re4+ Kh3 41. Rh4+ Kg2 42. Rxh7 Rxc2 43. g4 Rc4 44. Re1 Rxb2 45. g5 Rb3+
46. Kd2 Rd4+ 47. Kc2 Rc3+ 48. Kb1 Rb3+ 49. Kc2 Rc3+ 50. Kb1 Rg4 51. h4 c4 52.
Rb7 Rb3+ 53. Kc2 Rc3+ 54. Kb2 Rb3+ 55. Kc2 Rxh4 56. g6 Rc3+ 57. Kb2 Rb3+ 58.
Kc2 Rd4 59. g7 Rc3+ 60. Kb1 Rb3+ 61. Kc2 Rc3+ 62. Kb1 1/2-1/2

[Event "Europa ch s-16"]
[Site "Herceg Novi MNE"]
[Date "2008.09.22"]
[Round "7.5"]
[White "Kanarek, Marcel"]
[Black "Firat, Burak"]
[Result "1/2-1/2"]
[WhiteElo "2349"]
[BlackElo "2219"]
[PlyCount "52"]
[EventDate "2008.09.15"]
[EventType "swiss"]
[EventRounds "9"]
[Source "lmi"]
[SourceDate "2008.09.15"]

1. e4 c5 2. Nf3 Nc6 3. Nc3 Nf6 4. Bb5 g6 5. h3 Bg7 6. e5 Ng8 7. Bxc6 dxc6 8. d3
Nh6 9. Be3 b6 10. g4 f6 11. exf6 exf6 12. Qe2 O-O 13. O-O-O f5 14. g5 Nf7 15.
d4 Qe7 16. Qc4 Be6 17. d5 Nd6 18. Qf4 cxd5 19. Nxd5 Bxd5 20. Rxd5 Ne4 21. Rhd1
c4 22. Rd7 Bxb2+ 23. Kxb2 Qb4+ 24. Ka1 Qc3+ 25. Kb1 Qb4+ 26. Ka1 Qc3+ 1/2-1/2

[Event "Europa ch s-16"]
[Site "Herceg Novi MNE"]
[Date "2008.09.22"]
[Round "7.6"]
[White "Strunski, Andreas"]
[Black "Ketzetzis, Georgios"]
[Result "1-0"]
[WhiteElo "2294"]
[BlackElo "2099"]
[PlyCount "91"]
[EventDate "2008.09.15"]
[EventType "swiss"]
[EventRounds "9"]
[Source "lmi"]
[SourceDate "2008.09.15"]

1. d4 d5 2. c4 c6 3. Nf3 Nf6 4. e3 e6 5. Nbd2 Nbd7 6. b3 Be7 7. Bb2 b6 8. Bd3
Bb7 9. O-O O-O 10. Qe2 Re8 11. Rad1 a5 12. e4 a4 13. e5 Nh5 14. Qe3 g6 15. Nb1
axb3 16. axb3 Ra2 17. Bc1 c5 18. Nc3 Ra5 19. cxd5 cxd4 20. Nxd4 Bxd5 21. Nxd5
Rxd5 22. Be4 Bc5 23. Bxd5 exd5 24. f4 Ng7 25. Bb2 Nf8 26. Kh1 Nf5 27. Qf3 Bxd4
28. Bxd4 h5 29. Bf2 d4 30. g3 Ne6 31. h3 Kg7 32. Kg2 Rh8 33. Rh1 Qd7 34. g4 Ne7
35. Bh4 Rc8 36. f5 Rc2+ 37. Kg3 Nc5 38. Bf6+ Kh7 39. Qa8 Ng8 40. fxg6+ fxg6 41.
Rhf1 Qc7 42. Kh4 hxg4 43. Ra1 g5+ 44. Bxg5 Qg7 45. Ra7 Nd7 46. Qe4+ 1-0

[Event "Europa ch s-16"]
[Site "Herceg Novi MNE"]
[Date "2008.09.22"]
[Round "7.7"]
[White "Pavlidis, Antonios"]
[Black "Witek, Tomasz"]
[Result "1-0"]
[WhiteElo "2266"]
[BlackElo "2125"]
[PlyCount "67"]
[EventDate "2008.09.15"]
[EventType "swiss"]
[EventRounds "9"]
[Source "lmi"]
[SourceDate "2008.09.15"]

1. e4 e6 2. d4 d5 3. Nc3 Bb4 4. e5 c5 5. a3 Bxc3+ 6. bxc3 Ne7 7. h4 b6 8. h5 h6
9. Qg4 Nf5 10. Bd3 O-O 11. Qf3 Ba6 12. g4 Bxd3 13. Qxd3 Ne7 14. Ne2 Nbc6 15.
Ng3 cxd4 16. cxd4 Qc7 17. Be3 f6 18. exf6 Rxf6 19. O-O-O Rc8 20. g5 Rf3 21.
gxh6 gxh6 22. Rhg1 Kh8 23. Ne2 e5 24. Bg5 Nxd4 25. Nxd4 exd4 26. Kb1 hxg5 27.
Qxf3 Qxc2+ 28. Ka1 Rc3 29. Qf6+ Kh7 30. Qxe7+ Kh8 31. Qf8+ Kh7 32. Rde1 Rc7 33.
Re7+ Rxe7 34. Qxe7+ 1-0

[Event "Europa ch s-16"]
[Site "Herceg Novi MNE"]
[Date "2008.09.22"]
[Round "7.8"]
[White "Heimann, Andreas"]
[Black "Baron, Tal"]
[Result "1/2-1/2"]
[WhiteElo "2433"]
[BlackElo "2285"]
[PlyCount "43"]
[EventDate "2008.09.15"]
[EventType "swiss"]
[EventRounds "9"]
[Source "lmi"]
[SourceDate "2008.09.15"]

1. e4 c5 2. Nf3 Nc6 3. d4 cxd4 4. Nxd4 Nf6 5. Nc3 e5 6. Ndb5 d6 7. Bg5 a6 8.
Na3 b5 9. Nd5 Be7 10. Bxf6 Bxf6 11. c4 b4 12. Nc2 a5 13. Be2 O-O 14. O-O Bb7
15. Qd3 Nb8 16. a3 Na6 17. axb4 axb4 18. Ncxb4 Nxb4 19. Nxb4 Qb6 20. Rxa8 Bxa8
21. Nd5 Bxd5 22. cxd5 1/2-1/2

[Event "Europa ch s-16"]
[Site "Herceg Novi MNE"]
[Date "2008.09.22"]
[Round "7.9"]
[White "Bregadze, Levan"]
[Black "Janczarski, Michal"]
[Result "1-0"]
[WhiteElo "2399"]
[BlackElo "2238"]
[PlyCount "67"]
[EventDate "2008.09.15"]
[EventType "swiss"]
[EventRounds "9"]
[Source "lmi"]
[SourceDate "2008.09.15"]

1. d4 d5 2. c4 e6 3. Nc3 c6 4. cxd5 exd5 5. Qc2 g6 6. Bf4 Bf5 7. Qd2 Nf6 8. e3
Nbd7 9. Bd3 Bxd3 10. Qxd3 Nh5 11. Bg3 Nxg3 12. hxg3 Bd6 13. Nge2 Qe7 14. Qc2 f5
15. O-O-O Nf6 16. Nf4 O-O 17. Kb1 a5 18. Rh3 Kg7 19. Nce2 a4 20. Rdh1 b5 21.
Rh6 Qe8 22. f3 a3 23. g4 Bxf4 24. Nxf4 Qxe3 25. g5 Qxf4 26. gxf6+ Kxf6 27.
Qxc6+ Kg5 28. Rxh7 Qd2 29. f4+ Kxf4 30. Qc7+ Ke3 31. R1h3+ Kxd4 32. Qb6+ Ke5
33. Re7+ Kf4 34. Qd6+ 1-0

[Event "Europa ch s-16"]
[Site "Herceg Novi MNE"]
[Date "2008.09.22"]
[Round "7.10"]
[White "Dragomirescu, Robin-Alexandru"]
[Black "Alonso Rosell, Alvar"]
[Result "0-1"]
[WhiteElo "2232"]
[BlackElo "2393"]
[PlyCount "118"]
[EventDate "2008.09.15"]
[EventType "swiss"]
[EventRounds "9"]
[Source "lmi"]
[SourceDate "2008.09.15"]

1. e4 c5 2. Nf3 d6 3. d4 cxd4 4. Nxd4 Nf6 5. Nc3 a6 6. Be3 e5 7. Nb3 Be6 8. f3
Be7 9. Qd2 O-O 10. O-O-O a5 11. Qe1 Nbd7 12. Bb5 Qb8 13. a4 Ne8 14. g4 Nc7 15.
Qe2 Rc8 16. Nd5 Bxd5 17. Bxd7 Be6 18. Bxe6 fxe6 19. Bb6 Ra6 20. Bxa5 Qa8 21.
Bxc7 Rxc7 22. Qb5 Rxa4 23. Kb1 Rc6 24. c3 Raa6 25. Kc2 Rab6 26. Qa5 Ra6 27. Qb5
Qe8 28. Qd3 b5 29. Ra1 Rab6 30. Ra7 b4 31. Rha1 bxc3 32. bxc3 Rb8 33. R1a6 Bf8
34. Rxc6 Qxc6 35. Qa6 Rb6 36. Qa4 Qxa4 37. Rxa4 Kf7 38. Ra5 Rc6 39. Kd3 Be7 40.
Nd2 Kg6 41. Nc4 Bf6 42. Rb5 Kg5 43. Rb6 Rxb6 44. Nxb6 Be7 45. Ke2 Kh4 46. Kf2
Kh3 47. Kg1 d5 48. Nd7 dxe4 49. fxe4 Kxg4 50. Nxe5+ Kf4 51. Nc6 Bc5+ 52. Kf1
Kxe4 53. Ke2 g5 54. Nd8 Kf5 55. h3 Bb6 56. Nf7 h5 57. Kf3 Bc7 58. Nh6+ Kg6 59.
Ng8 Kf7 0-1

[Event "Europa ch s-16"]
[Site "Herceg Novi MNE"]
[Date "2008.09.22"]
[Round "7.11"]
[White "Biryukov, Alexander"]
[Black "Mammadov, Ayaz"]
[Result "0-1"]
[WhiteElo "2138"]
[BlackElo "2346"]
[PlyCount "102"]
[EventDate "2008.09.15"]
[EventType "swiss"]
[EventRounds "9"]
[Source "lmi"]
[SourceDate "2008.09.15"]

1. d4 d5 2. c4 e6 3. Nf3 Nf6 4. g3 Be7 5. Bg2 O-O 6. O-O dxc4 7. Qc2 Bd7 8.
Qxc4 Bc6 9. Bg5 a6 10. Rd1 b5 11. Qc1 h6 12. Bxf6 Bxf6 13. Nbd2 Bd5 14. Nb3 Nd7
15. Nc5 Nxc5 16. Qxc5 Qd6 17. Qc2 Bb7 18. Ng5 hxg5 19. Bxb7 Rab8 20. Bg2 Qb4
21. e3 Rfc8 22. Bc6 Be7 23. b3 Bd6 24. Rac1 Qa5 25. Qe2 Rd8 26. Rc2 g6 27. e4
Be7 28. Qf3 Kg7 29. e5 Qb4 30. d5 g4 31. Qe3 exd5 32. Rd4 Qa5 33. Bxd5 b4 34.
Qe4 Rb5 35. Bc4 Rxe5 36. Qxg4 Rxd4 37. Qxd4 Bf6 38. Qd7 Re7 39. Qc6 Qf5 40.
Bxa6 Re6 41. Qxe6 Qxe6 42. Bb7 Bc3 43. Rc1 Qe2 44. Rf1 Qd2 45. Ba6 Qxa2 46. Bc4
Qc2 47. Kg2 Bd4 48. Kg1 c6 49. Kg2 Qe4+ 50. Kg1 Qf3 51. h3 Qxg3+ 0-1

[Event "Europa ch s-16"]
[Site "Herceg Novi MNE"]
[Date "2008.09.22"]
[Round "7.12"]
[White "Sieciechowicz, Marcin"]
[Black "Lorand, Norbert"]
[Result "1-0"]
[WhiteElo "2311"]
[BlackElo "2273"]
[PlyCount "109"]
[EventDate "2008.09.15"]
[EventType "swiss"]
[EventRounds "9"]
[Source "lmi"]
[SourceDate "2008.09.15"]

1. d4 d5 2. c4 e6 3. Nc3 c5 4. cxd5 exd5 5. Nf3 Nc6 6. g3 Nf6 7. Bg2 Be7 8. O-O
O-O 9. Bg5 cxd4 10. Nxd4 h6 11. Bf4 Qb6 12. Nxc6 bxc6 13. Qc2 Be6 14. b3 Rac8
15. Na4 Qb5 16. Nc3 Qa5 17. Bd2 Qa6 18. Qd3 Qxd3 19. exd3 c5 20. Rfe1 Bd6 21.
Rad1 Rfd8 22. Ne2 Bd7 23. Nf4 Bc6 24. h4 d4 25. Bxc6 Rxc6 26. Rc1 Ra6 27. Rc2
Bxf4 28. Bxf4 Nd5 29. Bd2 Rdd6 30. Re8+ Kh7 31. Rc8 Nb4 32. Bxb4 cxb4 33. R8c4
Rab6 34. Rc7 a5 35. Rxf7 Rbc6 36. Rxc6 Rxc6 37. Ra7 Rc5 38. Ra6 g5 39. hxg5
hxg5 40. g4 Kg7 41. Kg2 Kf7 42. Kf3 Rc3 43. Rxa5 Rxd3+ 44. Ke4 Rd2 45. f3 Rf2
46. Rf5+ Kg6 47. Kxd4 Rxa2 48. Kc4 Rc2+ 49. Kxb4 Rc1 50. Kb5 Rc8 51. b4 Rb8+
52. Kc4 Rc8+ 53. Kb3 Ra8 54. b5 Ra1 55. Kb4 1-0

[Event "Europa ch s-16"]
[Site "Herceg Novi MNE"]
[Date "2008.09.22"]
[Round "7.13"]
[White "Gretarsson, Hjorvar Steinn"]
[Black "Holvason, Juri"]
[Result "1-0"]
[WhiteElo "2299"]
[BlackElo "2041"]
[PlyCount "77"]
[EventDate "2008.09.15"]
[EventType "swiss"]
[EventRounds "9"]
[Source "lmi"]
[SourceDate "2008.09.15"]

1. c4 Nf6 2. Nc3 g6 3. e4 d6 4. d4 Bg7 5. f3 O-O 6. Nge2 c5 7. d5 Nbd7 8. Ng3
h5 9. Be2 a6 10. a4 b6 11. O-O h4 12. Nh1 Nh7 13. Be3 f5 14. exf5 gxf5 15. Qd2
Rf7 16. Nf2 Ndf8 17. Nh3 e5 18. dxe6 Nxe6 19. f4 Bb7 20. Bh5 Re7 21. Bf2 Bf6
22. Nd5 Rg7 23. Rae1 Nc7 24. Bf3 Kh8 25. Qd3 Nxd5 26. cxd5 Bxb2 27. Re2 Bf6 28.
Rfe1 Qd7 29. Re6 Rf8 30. Rb1 Bd8 31. Be1 Qxa4 32. Bc3 Qd7 33. Bxg7+ Kxg7 34.
Rbe1 Bf6 35. Kh1 Rc8 36. Qxf5 Qd8 37. Ng5 Nf8 38. Qg4 Bxg5 39. Re7+ 1-0

[Event "Europa ch s-16"]
[Site "Herceg Novi MNE"]
[Date "2008.09.22"]
[Round "7.14"]
[White "Petenyi, Tamas"]
[Black "Arslanov, Shamil"]
[Result "1-0"]
[WhiteElo "2289"]
[BlackElo "2228"]
[PlyCount "51"]
[EventDate "2008.09.15"]
[EventType "swiss"]
[EventRounds "9"]
[Source "lmi"]
[SourceDate "2008.09.15"]

1. e4 e6 2. d4 d5 3. Nd2 Nf6 4. e5 Nfd7 5. Bd3 c5 6. c3 Nc6 7. Ne2 cxd4 8. cxd4
f6 9. exf6 Nxf6 10. O-O Bd6 11. Nf3 Qc7 12. Bg5 O-O 13. Bh4 Nh5 14. Qc2 h6 15.
Bg6 Rxf3 16. gxf3 Bxh2+ 17. Kh1 Nf4 18. Ng3 Qb6 19. Rad1 Nxd4 20. Qa4 Nxg6 21.
Qe8+ Kh7 22. Nh5 Be5 23. Rg1 Nh8 24. Rxg7+ Bxg7 25. Rg1 Qc7 26. Nf6+ 1-0